00330nam a2200133Ia 4500003000900000008004100009040001300050040001300063100001800076245006500094260002300159300000800182490000600190IT-RoPAU120407s9999 xx 000 0 und d aIT-RoPAU cIT-RoPAU aAndrea Grillo aGuida laica per tornare a messa. Dal precetto alla libertà aSan Paolo Edizioni c cm v1